000
00322nam a2200133Ia 4500
005
20251222144639.0
008
251222s9999||||xx |||||||||||||| ||spa||
082
_a
658.3/G43
100
_a
Gibson, James L.
245
0
_a
Las Organizaciones:
250
_a
7a.ed.
264
_b
Addison-Wesley Iberoamericana
942
_c
LIB
999
_c
16591
_d
16591